000 00886nab a2200265 u 4500
001 20457
003 HDC
007 cr bn ---aaaaa
008 210305c mydr|nes 0 a eng d
040 _aHDC
100 _aNur Nadzlina Nadzari
_eauthor
_918473
245 0 _aMIDF Property guna pendekatan sinergi /
_cby Nur Nadzlina Nadzari
260 _aMalaysia :
_bUTUSAN MALAYSIA,
_c2014
300 _a2 pages
336 _atext
_2rdacontent
337 _acomputer
_2rdamedia
338 _aonline resource
_2rdacarrier
650 _aentrepreneur product
_918472
650 _asmall and medium enterprise
_98448
710 _aUTUSAN MALAYSIA
856 _zRequest full-text at [email protected]
942 _2lcc
942 _cNEWS
942 _kNWSC 010288
999 _c17773
_d17773